zpět

Detail výsledku týmu

Pod Jasanem, Rokycany

Datum a čas kvízu

16.5 Celkem bodů Celkový počet nahraných bodů na tomto kvízu bez doplňovacích otázek.
6. Pořadí na kvízu Konečné umístění týmu na tomto kvízu.

Zaznamenané odpovědi

# Otázka Odpověď Body Výsledky
1. Prezident České republiky jmen... předseda Nejvyššího soudu 0
2. Příspěvky amerického prezident... malárie 0
3. Na Netflixu je nově možné sled... o Michelle Obamové 0
4. Jak se nazývá důl na Karvinsku... Darkov 0
5. Jaromír Jágr na Facebooku láka... Jozef Golonka 0
6. Napište zcela správně latinsky... Ingeniator 0
7. Přiřaďte v České republice mož... 1B 2D 3C 4A 0
8. Mnohé tituly se již dnes neudě... Doktor sociálně-politických věd 0
9. Vyberte titul, jehož zkratka j... A 0
10. Pokud jsou si dva tituly rovno... ten novější 0